000 01405nam a22002417a 4500
999 _c60016
_d60016
003 Ge_BSU
005 20230530153528.0
008 230530s2004 ge ||||| |||| 00| 0 geo d
020 _a9994013033
041 _ageo
080 _a008(38) ლ-85
100 _aლორთქიფანიძე, ნინო
_917544
245 _aარგონავტების მითის ასახვა ადრებერძნულ კულტურაში = Argonautenmythos in der Fruhgriechischen Kultur /
_c ნინო ლორთქიფანიძე ; რედაქტორები რისმაგ გორდეზიანი.
264 _aთბილისი :
_bთბილ. უნ-ტის გამ-ბა,
_c2004.
300 _a165 გვ. :
_bსურ. ;
_c20 სმ.
504 _aბიბლიოგრაფია: გვ. 140-153.
520 _aრეზიუმე გერმანულ ენაზე.
653 _aძველი საბერძნეთის კულტურა
653 _aძველი ბერძნული მითოლოგია.
653 _aარგონავტების მითის ასახვა ბერძნულ ხელოვნებაში.
700 _aგორდეზიანი, რისმაგ
_eრედაქტორი.
_918318
942 _2udc
_cBK